Ciudad, democracia y socialismo : la experiencia de las asociaciones de vecinos de Madrid /

Análisis del desarrollo del movimiento ciudadano en España durante la última década de la dictadura franquista y los primeros años del restablecimiento de la democracia, a partir de una encuesta sociológica realizada entre miembros de las asociaciones de vecinos del área metropolitana de Madrid. Aun...

Descripción completa

Guardado en:
Detalles Bibliográficos
Autor principal: Castells, Manuel (autor)
Formato: Libro
Idioma:Español
Publicado: Madrid, España : Siglo XXI, 1977, c1977
Colección:(Sociología y Política)
Temas:
Etiquetas: Agrega una etiqueta
Sin etiquetas, Sé el primero en etiquetar este registro!

MARC

LEADER 00000nam^a2200000^a^4500
001 000012587
005 20250521000000.0
009 20260310083828.353
020 |a 84-323-0277-5 
037 |a Acervo ITESO - Biblioteca 
041 |a ESP 
082 |a 322. 42  |b CAS 
100 |a Castells, Manuel  |e (autor) 
245 1 0 |a Ciudad, democracia y socialismo :  |b la experiencia de las asociaciones de vecinos de Madrid /  |c M. Castells. 
264 4 |a Madrid, España :  |b Siglo XXI,  |c 1977, c1977 
300 |a 249 p. 
336 |a texto  |b txt  |2 rdacontenido 
337 |a sin mediación  |b n  |2 rdamedio 
338 |a volumen  |b nc  |2 rdasoporte 
440 1 |a (Sociología y Política) 
520 |a Análisis del desarrollo del movimiento ciudadano en España durante la última década de la dictadura franquista y los primeros años del restablecimiento de la democracia, a partir de una encuesta sociológica realizada entre miembros de las asociaciones de vecinos del área metropolitana de Madrid. Aunque el movimiento ciudadano nombra un ámbito mucho más amplio que las asociaciones de vecinos, algunos de los análisis, hipótesis y conclusiones de este trabajo conciernen a todo el sector. La focalización en la capital española presenta la particularidad de que la conexión con el proceso político es inmediata y permite estudiar las contradicciones y logros de la politización del movimiento ciudadano. Con base en este trabajo de campo son planteadas, a un nivel más generales, observaciones sobre las relaciones entre el urbanismo y la política, el municipio y el Estado, la ciudad y el socialismo, situando las asociaciones de vecinos en el contexto urbano y político de las sociedades capitalistas avanzadas y el entonces nuevo sistema político español. 
649 |a XX 
650 |a Asociaciones Vecinales -  |z Madrid, España -  |x Historia -  |y Franquismo, 1939-1975 
650 |a Asociaciones Vecinales -  |z Madrid, España -  |x Historia -  |y 1975-1976 
650 |a Asociaciones Vecinales -  |z Madrid, España -  |x Historia -  |y Siglo XX -  |x Tema Principal 
650 |a Asociaciones Vecinales -  |z España -  |x Historia -  |y Siglo XX -  |x Tema Principal 
650 |a Movimientos Urbano-Populares -  |z España -  |x Historia -  |y Siglo XX 
650 |a Movimientos Sociales -  |z España -  |x Historia -  |y Siglo XX 
650 |a Participación Política -  |z España -  |x Historia 
650 |a Democratización -  |z España -  |x Historia 
650 |a Política -  |z Madrid, España -  |x Historia -  |y Franquismo, 1939-1975 
650 |a Política -  |z Madrid, España -  |x Historia -  |y 1975-1976 
650 |a Política -  |z Madrid, España -  |x Historia -  |y Juan Carlos I, 1975-2014 
650 |a Política -  |z Madrid, España -  |x Historia -  |y Siglo XX 
650 |a Política -  |z España -  |x Historia -  |y Franquismo, 1939-1975 
650 |a Política -  |z España -  |x Historia -  |y 1975-1976 
650 |a Política -  |z España -  |x Historia -  |y Juan Carlos I, 1975-2014 
650 |a Política -  |z España -  |x Historia -  |y Siglo XX 
650 |a Sociología Urbana 
910 |a Fondo General 
920 |a Impresos - Libros 
930 |a Colección General 
905 |a 101 
901 |a 0500089226  |b IT1  |c ACC  |i 907399  |u 20250521 
902 |a https://opac.biblio.iteso.mx/vufind/Record/000012587